[Event "Merida World Heritage op 3rd"]
[Site "Merida"]
[Date "2023.07.31"]
[Round "1"]
[White "Buscara, Sevan"]
[Black "Ganan Margallo, Marcelino"]
[Result "1-0"]
[WhiteElo "2354"]
[BlackElo "1632"]
[PlyCount "81"]
[EventDate "2023.07.31"]
[EventType "swiss"]
[EventRounds "9"]
[EventCountry "ESP"]
[SourceTitle "CBM 215 Extra"]
[Source "ChessBase"]
[SourceDate "2023.09.30"]
[SourceVersion "1"]
[SourceVersionDate "2023.09.30"]
[SourceQuality "1"]

1. e4 c5 2. Nf3 d6 3. d4 cxd4 4. Nxd4 g6 5. c4 Bg7 6. Nc3 Nf6 7. Be2 Nc6 8. Be3 a6 9. 0-0 0-0 10. Qd2 Ng4 11. Bxg4 Bxg4 12. Rac1 Nxd4 13. Bxd4 Be6 14. f4 Bxd4+ 15. Qxd4 f6 16. Nd5 Bf7 17. Nb6 Rb8 18. f5 Qc7 19. b4 Rbd8 20. a4 Kg7 21. a5 Qc6 22. Rc3 gxf5 23. exf5 Kh8 24. Re3 Rg8 25. g3 Rde8 26. Rxe7 Kg7 27. Nd5 Qxd5 28. Qxd5 Rxe7 29. Qxd6 Rge8 30. Rf4 Bh5 31. g4 Bf7 32. g5 Re1+ 33. Rf1 Rxf1+ 34. Kxf1 fxg5 35. Qd4+ Kg8 36. c5 h5 37. Kf2 Kf8 38. Qh8+ Ke7 39. Qe5+ Kf8 40. Qf6 g4 41. Qh6+ 1-0

[Event "Merida World Heritage op 1st"]
[Site "Merida"]
[Date "2021.08.05"]
[Round "2"]
[White "Filipe, Gustavo Castro"]
[Black "Ganan Margallo, Marcelino"]
[Result "1-0"]
[WhiteElo "1334"]
[BlackElo "1667"]
[PlyCount "49"]
[EventDate "2021.08.04"]
[EventType "swiss"]
[EventRounds "9"]
[EventCountry "ESP"]
[SourceTitle "EXT 2023"]
[Source "ChessBase"]
[SourceDate "2022.10.05"]
[SourceVersion "1"]
[SourceVersionDate "2022.10.05"]
[SourceQuality "1"]

1. e4 c5 2. Nf3 Nc6 3. d4 cxd4 4. Nxd4 d6 5. Nc3 Bd7 6. Be3 g6 7. f3 Bg7 8. Qd2 h5 9. 0-0-0 a6 10. Nd5 Qa5 11. Qxa5 Nxa5 12. Nc7+ Kf8 13. Nxa8 Bh6 14. Bxh6+ Nxh6 15. Nb6 Be8 16. Nc4 Nc6 17. Nxc6 bxc6 18. Rd3 Kg7 19. Ra3 c5 20. Rxa6 Bb5 21. Ra7 Kf6 22. a4 Bc6 23. Ne3 e6 24. Bb5 Ba8 25. Nc4 1-0

[Event "Extremadura-chT"]
[Site "Spain"]
[Date "2009.03.21"]
[Round "9.4"]
[White "Garcia Jimenez, Alfonso"]
[Black "Ganan Margallo, Marcelino"]
[Result "0-1"]
[WhiteElo "1798"]
[BlackElo "1799"]
[PlyCount "120"]
[EventDate "2009.01.17"]
[EventType "team-swiss"]
[EventRounds "9"]
[EventCountry "ESP"]
[SourceTitle "EXT 2011"]
[Source "ChessBase"]
[SourceDate "2010.11.26"]
[SourceVersion "1"]
[SourceVersionDate "2010.11.26"]
[SourceQuality "1"]
[WhiteTeam "Ateneo Cacereno II"]
[BlackTeam "Miguel Illescas"]
[WhiteTeamCountry "ESP"]
[BlackTeamCountry "ESP"]

1. Nc3 d5 2. e4 d4 3. Nce2 e5 4. Ng3 Nf6 5. Nf3 Bd6 6. Bc4 0-0 7. 0-0 Be6 8. d3 Bxc4 9. dxc4 h6 10. Ne1 Nh7 11. Nd3 Nd7 12. f4 exf4 13. Bxf4 Bxf4 14. Rxf4 Ng5 15. Qd2 Ne6 16. Rg4 Nf6 17. Rh4 Nh7 18. Nf5 Kh8 19. Rg4 h5 20. Rg3 g6 21. Qh6 Rg8 22. Ne5 Qf8 23. Rf1 gxf5 24. Rxf5 Rxg3 25. Nxf7+ Kg8 26. Qxe6 Rxg2+ 27. Kxg2 Qg7+ 28. Kf1 Rf8 29. Nh6+ Kh8 30. Rxf8+ Nxf8 31. Nf7+ Kg8 32. Nh6+ Kh7 33. Qf7 Kxh6 34. Qf4+ Kh7 35. Qf5+ Kg8 36. Qxh5 Qf7+ 37. Qxf7+ Kxf7 38. Ke2 Ke6 39. b4 Ng6 40. c3 dxc3 41. Kd3 Ke5 42. Kxc3 Kxe4 43. b5 b6 44. a4 Nh4 45. c5 Kd5 46. cxb6 axb6 47. Kb4 Nf5 48. a5 bxa5+ 49. Kxa5 Kc5 50. Ka4 Nd6 51. h4 Nxb5 52. h5 Nd6 53. Kb3 Kd4 54. h6 c5 55. h7 Nf7 56. Kc2 c4 57. Kd2 c3+ 58. Kc1 Kd3 59. Kd1 c2+ 60. Kc1 Nh8 0-1

[Event "Extremadura-chT"]
[Site "Spain"]
[Date "2009.03.14"]
[Round "8.4"]
[White "Ganan Margallo, Marcelino"]
[Black "Cacereno Jimenez, Juan Pablo"]
[Result "1-0"]
[WhiteElo "1799"]
[BlackElo "1426"]
[PlyCount "109"]
[EventDate "2009.01.17"]
[EventType "team-swiss"]
[EventRounds "9"]
[EventCountry "ESP"]
[SourceTitle "EXT 2011"]
[Source "ChessBase"]
[SourceDate "2010.11.26"]
[SourceVersion "1"]
[SourceVersionDate "2010.11.26"]
[SourceQuality "1"]
[WhiteTeam "Miguel Illescas"]
[BlackTeam "Santa Isabel II"]
[WhiteTeamCountry "ESP"]
[BlackTeamCountry "ESP"]

1. d4 d5 2. c4 dxc4 3. Nc3 e5 4. d5 c6 5. e4 Bb4 6. Bxc4 Nf6 7. Bg5 Bxc3+ 8. bxc3 Qa5 9. Rc1 Nxe4 10. Be3 Nd6 11. Bb3 Qc7 12. Ne2 0-0 13. 0-0 Bf5 14. Ng3 Bg6 15. c4 c5 16. f4 exf4 17. Bxf4 Nd7 18. Qf3 Rae8 19. Rfe1 f6 20. Qc3 Ne5 21. Ba4 Re7 22. Bxe5 fxe5 23. Rxe5 Ne4 24. Rxe7 Qxe7 25. Qe3 Qf7 26. Rf1 Qe7 27. Re1 Qf6 28. Nxe4 Bxe4 29. h3 Bf5 30. g4 Bc8 31. Bd1 Qd6 32. Qe5 Qxe5 33. Rxe5 Rd8 34. Kf2 Kf7 35. Kf3 h6 36. h4 Re8 37. Rxe8 Kxe8 38. Kf4 Kf7 39. g5 hxg5+ 40. hxg5 g6 41. Bc2 Bd7 42. Ke5 a6 43. Kd6 Bf5 44. Bb3 Ke8 45. Kxc5 Kd7 46. Kb6 Kc8 47. d6 Kd7 48. c5 Be4 49. Ba4+ Kc8 50. c6 bxc6 51. Bxc6 Bxc6 52. Kxc6 a5 53. a4 Kd8 54. d7 Ke7 55. Kc7 1-0

[Event "Extremadura-chT"]
[Site "Spain"]
[Date "2009.02.28"]
[Round "6.3"]
[White "Aparicio Garcia, Jose"]
[Black "Ganan Margallo, Marcelino"]
[Result "1/2-1/2"]
[WhiteElo "1934"]
[BlackElo "1799"]
[PlyCount "79"]
[EventDate "2009.01.17"]
[EventType "team-swiss"]
[EventRounds "9"]
[EventCountry "ESP"]
[SourceTitle "EXT 2011"]
[Source "ChessBase"]
[SourceDate "2010.11.26"]
[SourceVersion "1"]
[SourceVersionDate "2010.11.26"]
[SourceQuality "1"]
[WhiteTeam "Ruy Lopez"]
[BlackTeam "Miguel Illescas"]
[WhiteTeamCountry "ESP"]
[BlackTeamCountry "ESP"]

1. e4 c5 2. Nf3 d6 3. d4 cxd4 4. Nxd4 Nc6 5. Nc3 g6 6. Be3 Bg7 7. Bc4 Nf6 8. f3 Bd7 9. Qd2 a6 10. 0-0-0 Na5 11. Bb3 Nxb3+ 12. Nxb3 Rc8 13. Bh6 0-0 14. h4 Kh8 15. Bxg7+ Kxg7 16. h5 Rh8 17. h6+ Kf8 18. g4 Ke8 19. g5 Nh5 20. Nd5 Rf8 21. Qd4 f6 22. gxf6 Nxf6 23. Nxf6+ Rxf6 24. f4 Qc7 25. Rd2 Qc4 26. Qe3 Ba4 27. Re1 Bxb3 28. axb3 Qc5 29. e5 Qxe3 30. Rxe3 dxe5 31. fxe5 Rf1+ 32. Rd1 Rxd1+ 33. Kxd1 Kf7 34. b4 Ke6 35. b5 axb5 36. Ra3 Rc5 37. Ra8 Rd5+ 38. Kc1 Rxe5 39. Rh8 Rh5 40. Rxh7 1/2-1/2